00623cam a22002297a 4500003000500000005001700005008004100022010001000063011001000073035001000083040000900093082001500102100002200117245004700139260003700186300002000223490004200243650001800285700002300303700002500326830004200351CHAP20220817041357.0971013s1979 enka r 00010 eng d a12620 a13592 a17664 cCHAP04a583.79bH300aHawkes, J. Geed.14aThe biology and taxonomy of the Solanaceae aLondon :bLinnean Society,c1979 a738 p.b: ilus. 0aLinnean society symposium seriesv; 714aSolanáceas.0 aLester, R. N.eed.0 aShelding, A. D.eed.0 aLinnean society symposium seriesv; 7